Makers of modern Asia / (Record no. 4862)

MARC details
000 -LEADER
fixed length control field 01473cam a2200217 4500
001 - CONTROL NUMBER
control field 5757
005 - DATE AND TIME OF LATEST TRANSACTION
control field 20181127180156.0
020 ## - INTERNATIONAL STANDARD BOOK NUMBER
International Standard Book Number 9780674365414 (alk. paper)
245 00 - TITLE STATEMENT
Title Makers of modern Asia /
Statement of responsibility, etc. edited by Ramachandra Guha.
264 #1 - PRODUCTION, PUBLICATION, DISTRIBUTION, MANUFACTURE, AND COPYRIGHT NOTICE
Place of production, publication, distribution, manufacture Cambridge, Massachusetts :
Name of producer, publisher, distributor, manufacturer The Belknap Press of Harvard University Press,
Date of production, publication, distribution, manufacture, or copyright notice 2014.
300 ## - PHYSICAL DESCRIPTION
Extent 385 pages ;
Dimensions 24 cm
336 ## - CONTENT TYPE
Content type term text
Source rdacontent
337 ## - MEDIA TYPE
Media type term unmediated
Source rdamedia
338 ## - CARRIER TYPE
Carrier type term volume
Source rdacarrier
504 ## - BIBLIOGRAPHY, ETC. NOTE
Bibliography, etc. note Includes bibliographical references and index.
505 ## - FORMATTED CONTENTS NOTE
Formatted contents note Introduction: the politics behind the economics of Asia's rise / Ramachandra Guha -- Gandhi, India, and the world / Ramachandra Guha -- Chiang Kai-shek and Chinese modernization / Jay Taylor -- Ho Chi Minh: nationalist icon / Sophie Quinn-Judge -- Mao Zedong and charismatic Maoism / Rana Mitter -- Jawaharlal Nehru: a romantic in politics / Ramachandra Guha -- Zhou Enlai and China's "prolonged rise" / Chen Jian -- Sukarno: anticipating an Asian century / James R. Rush -- Deng Xiaoping and the China he made / Odd Arne Westad -- Indira Gandhi: India and the world in transition / Srinath Raghavan -- Singapore's Lee Kuan Yew: traveling light, traveling fast / Michael D. Barr -- Zulfikar Ali Bhutto: in pursuit of an Asian Pakistan / Farzana Shaikh.
Miscellaneous information
Statement of responsibility
Title
650 #0 - SUBJECT ADDED ENTRY--TOPICAL TERM
Topical term or geographic name entry element Politicians
Geographic subdivision Asia
Form subdivision Biography.
651 #0 - SUBJECT ADDED ENTRY--GEOGRAPHIC NAME
Geographic name Asia
General subdivision Foreign relations
Chronological subdivision 1945-
Geographic name Asia
General subdivision Politics and government
Chronological subdivision 1945-
700 1# - ADDED ENTRY--PERSONAL NAME
Personal name Guha, Ramachandra.
Holdings
Withdrawn status Lost status Source of classification or shelving scheme Damaged status Not for loan Collection code Home library Current library Shelving location Date acquired Serial Enumeration / chronology Inventory number Total Checkouts Full call number Barcode Date last seen Date last checked out Copy number Price effective from Koha item type
    Dewey Decimal Classification     Main TEST RTC Library RTC Library Main opac 29/05/2023 9163 2 950.4 GUH 30009208 09/06/2023 29/05/2023 1 27/11/2018 Main
    Dewey Decimal Classification     Main TEST RTC Library RTC Library Main opac   9164   950.4 GUH 30009263 27/11/2018   2 27/11/2018 Main
    Dewey Decimal Classification     Main TEST RTC Library RTC Library Main opac   9165   950.4 GUH 30009233 27/11/2018   3 27/11/2018 Main
Royal Thimphu College || All Right Reserved